000 00256nam a2200097Ia 4500
001 1049074
005 20250826232306.0
008 250824s9999 xx 000 0 und d
245 0 _aTANKLAR KABEYE DAYANMADAN
_cİBRAHİM KARAGÜL
260 _bKETEBE YAYINLARI
999 _c1049074
_d1049074